Print media / (Record no. 38713)

MARC details
000 -LEADER
fixed length control field 01898nam a22003137a 4500
005 - DATE AND TIME OF LATEST TRANSACTION
control field 20100802145843.0
010 ## - LCCN (DPL NO)
LC control number ENG-97622 B-431069-073
020 ## - INTERNATIONAL STANDARD BOOK NUMBER
International Standard Book Number 9789380096636
Terms of availability 850.00
035 ## - SYSTEM CONTROL NUMBER
System control number EN-81155 B-431069-073
037 ## - SOURCE OF ACQUISITION
Source of stock number/acquisition DBAD/PUB
037 ## - SOURCE OF ACQUISITION
Source of stock number/acquisition Allied Pub/Ven
082 ## - DEWEY DECIMAL CLASSIFICATION NUMBER
Classification number 343.540998
245 ## - TITLE STATEMENT
Title Print media /
Statement of responsibility, etc edited by S. Jayanti
260 ## - PUBLICATION, DISTRIBUTION, ETC. (IMPRINT)
Place of publication, distribution, etc New Delhi
Name of publisher, distributor, etc Alfa Publications
Date of publication, distribution, etc 2009
270 ## - ADDRESS
Address 4398/5, Ansari Road, Daryaganj,
City New Delhi
Postal code 110 002
300 ## - PHYSICAL DESCRIPTION
Extent vi, 327p.
Dimensions 22cm (Hb)
500 ## - GENERAL NOTE
General note Includes index
650 ## - SUBJECT ADDED ENTRY--TOPICAL TERM
Topical term or geographic name as entry element Journalistic ethics
650 ## - SUBJECT ADDED ENTRY--TOPICAL TERM
Topical term or geographic name as entry element Press law
700 ## - ADDED ENTRY--PERSONAL NAME
Personal name Jayanti, S.
9 (RLIN) 4353
942 ## - ADDED ENTRY ELEMENTS (KOHA)
Source of classification or shelving scheme Dewey Decimal Classification
Item type English Books
Classification part 343.540988
Call number suffix PRI
Holdings
Withdrawn status Lost status Not for loan Collection code Home library Current library Date acquired Source of acquisition Cost, normal purchase price Full call number Barcode Copy number Cost, replacement price Koha item type Public note
      Non-fiction Central Library Central Library 07/06/2011 Allied Pub/2961/29.3.11/85/24.3.11/31.3.11 850.00 343.540988 PRI B-431069 1 850.00 English Books Legal Case (Jan 2018)
    Not For Loan Non-fiction D.B.Act.Division D.B.Act.Division 02/08/2010 DBAD/PUB 850.00 343.540988 PRI EN-81155 1250.00 850.00 English Books  
      Non-fiction Karol Bagh Karol Bagh 07/06/2011 Allied Pub/2961/29.3.11/85/24.3.11/31.3.11 850.00 343.540988 PRI B-431072 1 850.00 English Books  
      Non-fiction Patel Nagar Patel Nagar 07/06/2011 Allied Pub/2961/29.3.11/85/24.3.11/31.3.11 850.00 343.540988 PRI B-431070 1 850.00 English Books  
      Non-fiction Sarojini Nagar Sarojini Nagar 07/06/2011 Allied Pub/2961/29.3.11/85/24.3.11/31.3.11 850.00 343.540988 PRI B-431071 1 850.00 English Books  
      Non-fiction Shahdara Branch Shahdara Branch 07/06/2011 Allied Pub/2961/29.3.11/85/24.3.11/31.3.11 850.00 343.540988 PRI B-431073 1 850.00 English Books  

© Delhi Public Library
Hit Counter
free hit counter